Radsport: Alle Grand Tour Sieger seit 2000 - Statistiken

Allgemein
  • Dieses Quiz wurde 100 mal gespielt
    65 seit der letzten Aktualisierung
  • Das Durchschnittsergebnis liegt bei 46 aus 78
Antwortstatistiken
Jahr # Nation Antwort % Korrekt
2020 Tour Slowenien Tadej Pogačar
100%
2021 Tour Slowenien Tadej Pogačar
100%
2024 Giro Slowenien Tadej Pogačar
100%
2024 Tour Slowenien Tadej Pogačar
100%
2025 Tour Slowenien Tadej Pogačar
100%
2022 Tour Dänemark Jonas Vingegaard
96%
2023 Tour Dänemark Jonas Vingegaard
96%
2025 Vuelta Dänemark Jonas Vingegaard
96%
2019 Vuelta Slowenien Primoz Roglic
96%
2020 Vuelta Slowenien Primoz Roglic
96%
2021 Vuelta Slowenien Primoz Roglic
96%
2023 Giro Slowenien Primoz Roglic
96%
2024 Vuelta Slowenien Primoz Roglic
96%
2011 Vuelta Großbritannien Chris Froome
87%
2013 Tour Großbritannien Chris Froome
87%
2015 Tour Großbritannien Chris Froome
87%
2016 Tour Großbritannien Chris Froome
87%
2017 Tour Großbritannien Chris Froome
87%
2017 Vuelta Großbritannien Chris Froome
87%
2018 Giro Großbritannien Chris Froome
87%
2000 Tour USA Lance Armstrong
87%
2001 Tour USA Lance Armstrong
87%
2002 Tour USA Lance Armstrong
87%
2003 Tour USA Lance Armstrong
87%
2004 Tour USA Lance Armstrong
87%
2005 Tour USA Lance Armstrong
87%
2018 Vuelta Großbritannien Simon Yates
87%
2025 Giro Großbritannien Simon Yates
87%
2019 Tour Kolumbien Egan Bernal
83%
2021 Giro Kolumbien Egan Bernal
83%
2022 Vuelta Belgien Remco Evenepoel
83%
2023 Vuelta USA Sepp Kuss
81%
2018 Tour Großbritannien Geraint Thomas
78%
2022 Giro Australien Jai Hindley
78%
2019 Giro Ecuador Richard Carapaz
70%
2007 Tour Spanien Alberto Contador
67%
2008 Giro Spanien Alberto Contador
67%
2008 Vuelta Spanien Alberto Contador
67%
2009 Tour Spanien Alberto Contador
67%
2012 Vuelta Spanien Alberto Contador
67%
2014 Vuelta Spanien Alberto Contador
67%
2015 Giro Spanien Alberto Contador
67%
2010 Vuelta Italien Vincenzo Nibali
59%
2013 Giro Italien Vincenzo Nibali
59%
2014 Tour Italien Vincenzo Nibali
59%
2016 Giro Italien Vincenzo Nibali
59%
2014 Giro Kolumbien Nairo Quintana
54%
2016 Vuelta Kolumbien Nairo Quintana
54%
2012 Tour Großbritannien Bradley Wiggins
50%
2010 Tour Luxemburg Andy Schleck
48%
2017 Giro Niederlande Tom Dumoulin
46%
2011 Tour Australien Cadel Evans
41%
2020 Giro Großbritannien Tao G. Hart
35%
2015 Vuelta Italien Fabio Aru
31%
2009 Vuelta Spanien Alejandro Valverde
30%
2006 Giro Italien Ivan Basso
28%
2010 Giro Italien Ivan Basso
28%
2008 Tour Spanien Carlos Sastre
26%
2013 Vuelta USA Christopher Horner
22%
2006 Vuelta Kasachstan Alexander Winokurow
19%
2012 Giro Kanada Ryder Hesjedal
19%
2007 Vuelta Russland Denis Menschow
15%
2009 Giro Russland Denis Menschow
15%
2006 Tour Spanien Oscar Pereiro
15%
2000 Vuelta Spanien Roberto Heras
15%
2003 Vuelta Spanien Roberto Heras
15%
2004 Vuelta Spanien Roberto Heras
15%
2005 Vuelta Spanien Roberto Heras
15%
2004 Giro Italien Damiano Cunego
13%
2011 Giro Italien Michele Scarponi
13%
2001 Giro Italien Gilberto Simoni
11%
2003 Giro Italien Gilberto Simoni
11%
2007 Giro Italien Danilo di Luca
9%
2002 Giro Italien Paolo Savoldelli
9%
2005 Giro Italien Paolo Savoldelli
9%
2000 Giro Italien Stefano Garzelli
9%
2001 Vuelta Spanien Angel Casero
7%
2002 Vuelta Spanien Aitor Jimenez
4%
Keine übereinstimmenden Quizze gefunden
Verteilung der Resultate
Anzahl Personen mit jedem Resultat
Perzentil nach korrekt beantworteten Fragen
Ihre Resultats-Entwicklung
Sie haben dieses Quiz seit der letzten Aktualisierung nicht gespielt